000 00374nam a2200157Ia 4500
008 230711s9999||||xx |||||||||||||| ||und||
041 _aENG
082 _a720
_bPA-E
100 _aPandya,Yatin
245 0 _aElements of space making
250 _a1st . Ed.
260 _c2014
_aNew Delhi
_bMapin Publishing Pvt.Ltd
300 _a215
650 _aArchitecture
942 _cBK
999 _c5654
_d5654